000 00864cas a22002897a 4500
005 20220329142318.0
008 000608u1963 uk sr pernn 0 b1eng d
010 _a81473
011 _a82445
022 _a0045-7256
035 _a92941
245 0 0 _aCocoa Grower's Bulletin
260 0 _aBirmngham, England :
_bCadbury Scheppes PCL,
_c1963-
300 _av.
310 _aSemestral
362 _an.10,1968.
500 _aSe dejó de recibir a partir del n.3,1986.
590 _aBATCH-UPD
_b10
_c20130110
_lUCH01
_h0402
590 _aBATCH-UPD
_b10
_c20130410
_lUCH01
_h0035
590 _aBATCH-UPD
_b10
_c20130914
_lUCH01
_h0956
590 _aCONVERSION
_b10
_c20130109
_lUCH01
_h1345
650 1 4 _aCocoa
_xPublicaciones periódicas.
_924285
866 _an.1-15 (1963-1970)
866 _an.3 (1986)
901 _aSE
905 _aLilia Sánchez G.
999 _c81473
_d81473